00422nam a2200133Ia 4500008004100000020001800041050002000059245005800079250001000137260002800147300001600175500006700191650003000258120626s9999 xx 000 0 und d a968-451-408-504aHF5693 P65 198210aMatemáticas financierascLincoyán Portus Govinden a2a ed aMéxicobMcGraw - Hill a297 paginas aContiene: prólogo\índice de contenido\índice analítico17aMATEMÁTICAS FINANCIERAS